000 00446nam a2200157 i 4500
001 99564
003 ES-MaACL
005 20230906182522.0
007 t|
008 050913s1969 sp ||||1| spa d
100 1 _aMartínez, Pedro Javier.
_977794
245 1 0 _aHay una paz que espera... /
_cPedro Javier Martínez.
260 _aBarcelona :
_bS. de C.,
_c1969.
300 _a32 h. con 5 lám. ;
_c20 cm.
852 _aES-MaACL
_jC-39516
_bR.71296
999 _c99564
_d99564